Najstarší z jasenovských Zochovcov

Bibliographic Details
Main Author: Janek, Jozef, 1912-1999 (Author)
Format: Article
Language:Slovak
Subjects:

MARC

LEADER 00000nab a2200000 a 4500
001 vtls000003147
003 SK-MaSNL
005 20260304012605.0
008 111103c1978 xo 0 slo
015 |a SNBRB19rr/mm-uuuuu 
035 |a CL0013239 
040 |a SNKBUCL  |b slo  |c SNKBUCL  |e AACR2 
041 0 |a slo 
044 |a xo  |c SK 
080 |a 82:929:885.4  |2 1981 
080 |a 885.4"18-19"  |2 1981 
080 |a 885.4(091)"18-19"  |2 1981 
080 |a 92 Zoch, Ivan Branislav  |2 1981 
100 1 |a Janek, Jozef,  |d 1912-1999  |4 aut  |9 38567 
245 1 0 |a Najstarší z jasenovských Zochovcov  |c Jozef Janek 
600 1 7 |a Zoch, Ivan Branislav,  |d 1843-1921  |2 snkbucl  |9 114901 
655 7 |a články z novín a časopisov  |2 snkbucl  |9 267496 
655 7 |a články z odboru literárna veda a krásna literatúra  |2 snkbucl  |9 770045 
773 0 |t Ľud  |g Roč. 31, č. 138 (14. 6. 1978), s. 5 
850 |a Slovenská národná knižnica v Martine  |a MTA001 
852 |a SNK  |b KIS3GCP 
958 |a RK 
958 |a LX 
992 |a RBX 
999 |c 2572321  |d 2574251